000 00556nam a2200193Ia 4500
005 20250508163835.0
008 008 250505s9999 xx 000 0 eng d
020 _a0-304-33463-4
037 _aReference
040 _aFEDL
_beng
_cFEDL
041 _aeng
_2eng
084 _a616.8527, JAM
_qFEDL
100 _aJames Kath
_9776510
245 0 _aDepressed mother : A practical guide to treatment and support
260 _aLondon, UK
_bCassell
_c1998
300 _aviii,184p.
942 _cREF
_h616.8527, JAM
999 _c1385543
_d1385543